Programming Scala (Record no. 216941)

MARC details
000 -LEADER
fixed length control field 00483nam a2200181Ia 4500
008 - FIXED-LENGTH DATA ELEMENTS--GENERAL INFORMATION
fixed length control field 230714s9999 xx 000 0 und d
020 ## - INTERNATIONAL STANDARD BOOK NUMBER
International Standard Book Number 9790000000000
041 ## - LANGUAGE CODE
Language code of text/sound track or separate title eng
082 ## - DEWEY DECIMAL CLASSIFICATION NUMBER
Classification number 005.13'3
Item number WAM
100 ## - MAIN ENTRY--PERSONAL NAME
Personal name Wampler D.
9 (RLIN) 198491
245 ## - TITLE STATEMENT
Title Programming Scala
250 ## - EDITION STATEMENT
Edition statement 2nd ed.
260 ## - PUBLICATION, DISTRIBUTION, ETC. (IMPRINT)
Date of publication, distribution, etc. 2015
Name of publisher, distributor, etc. SPD/O'Reilly
300 ## - PHYSICAL DESCRIPTION
Extent 548
365 ## - TRADE PRICE
Currency code Rs.
Price amount 1050.00
700 ## - ADDED ENTRY--PERSONAL NAME
Personal name Wampler D. & Payne A.
9 (RLIN) 198492
906 ## - LOCAL DATA ELEMENT F, LDF (RLIN)
d O:0488322-Jan-2016B:SE/SI/247713-Oct-2015
c IT
b 1312.5

No items available.